000 00299nam a2200133Ia 4500
100 _aJain/K.C/ Agarwal/L.N
942 _cBK
654 _ametal
245 _aMetal cutting and production technology
260 _bKhanna
_aDelhi
_c1986
082 _a671.53
_bJAI
300 _a648
546 _aENGLISH
999 _c32010
_d32010